000 00477nam a22001937a 4500
003 CEME
005 20210628203250.0
008 210122b xxu||||| |||| 00| 0 eng d
020 _a0-07-247200-6
040 _c.
082 _a338.5 SCH
100 _aSchiller, Bradley.R
_964386
245 _aThe microeconomy today
250 _a9TH
260 _aNEW YORK
_bMCGRAW HILL
_c2003
300 _aXXV,467 P
650 _aMICRO ECONOMY.ECONOMY TODAY
_964387
942 _cBK
_2ddc
999 _c572896
_d572896